Berliner Tarifbereiche (Zonen A B C) - Statistiken

Allgemein
  • Dieses Quiz wurde 37 mal gespielt
  • Das Durchschnittsergebnis liegt bei 53 aus 66
Antwortstatistiken
Frage Kachel Select % Korrekt
Brandenburger Tor A Ja
100%
Brandenburger Tor B Nein
100%
Brandenburger Tor C Nein
100%
Rathaus Steglitz C Nein
94%
Flughafen BER A Nein
91%
Marzahn C Nein
91%
Marzahn A Nein
88%
Rathaus Steglitz A Nein
88%
Alexanderplatz A Ja
88%
Marzahn B Ja
88%
Rathaus Steglitz B Ja
88%
Rathaus Reinickendorf B Ja
88%
Alexanderplatz B Nein
88%
Königs Wusterhausen C Ja
88%
Alexanderplatz C Nein
88%
Heinrich-Heine-Straße C Nein
88%
Potsdam Hauptbahnhof C Ja
88%
Louis-Lewin-Straße C Nein
88%
Mehringdamm C Nein
88%
Tierpark C Nein
88%
Westhafen C Nein
88%
Königs Wusterhausen A Nein
84%
Rathaus Reinickendorf A Nein
84%
Potsdam Hauptbahnhof A Nein
84%
Oranienburg A Nein
84%
Königs Wusterhausen B Nein
84%
Potsdam Hauptbahnhof B Nein
84%
Oranienburg B Nein
84%
Karl-Bonhoeffer-Nervenklinik C Nein
84%
Rathaus Reinickendorf C Nein
84%
Oranienburg C Ja
84%
Karl-Bonhoeffer-Nervenklinik A Nein
81%
Friedenau A Nein
81%
Borgsdorf A Nein
81%
Karow A Nein
81%
Karl-Bonhoeffer-Nervenklinik B Ja
81%
Flughafen BER C Ja
81%
Weberwiese C Nein
81%
Friedenau C Nein
81%
Zwickauer Damm C Nein
81%
Heiligensee A Nein
78%
Mehringdamm A Ja
78%
Flughafen BER B Nein
78%
Friedenau B Ja
78%
Mehringdamm B Nein
78%
Heidelberger Tor C Nein
78%
Zwickauer Damm A Nein
75%
Louis-Lewin-Straße B Ja
75%
Louis-Lewin-Straße A Nein
72%
Weberwiese B Nein
72%
Borgsdorf B Nein
72%
Karow B Ja
72%
Zwickauer Damm B Ja
72%
Borgsdorf C Ja
72%
Heinrich-Heine-Straße A Ja
69%
Westhafen A Ja
69%
Tierpark B Ja
69%
Heiligensee C Nein
69%
Karow C Nein
69%
Weberwiese A Ja
66%
Tierpark A Nein
66%
Heiligensee B Ja
66%
Westhafen B Nein
66%
Heinrich-Heine-Straße B Nein
63%
Heidelberger Tor B Nein
56%
Heidelberger Tor A Ja
50%
Keine übereinstimmenden Quizze gefunden
Verteilung der Resultate
Anzahl Personen mit jedem Resultat
Perzentil nach korrekt beantworteten Fragen
Ihre Resultats-Entwicklung
Sie haben dieses Quiz noch nicht gespielt